000 01074nam a22003017a 4500
003 DO-SdBNP
005 20231212080209.0
008 210426b2018 dr 00| 0 spa d
020 _a9789945176056
040 _aBPMSU
_bspa
_cBPMSU
082 4 _aA863.5
_bV199u 2018
_222
092 _a
100 1 _aValorenti, Mónica
_d1964-
245 1 0 _aUna cuestión de identidad /
_c Mónica Volonteri ; ilustración: Yatxel Sánchez ; investigación: Laura V. Sánchez-Vincitore ; coordinación pedagógica: Cledenin Veras
260 _aSanto Domingo:
_bEdiciones SM ;
_bUniversidad Iberoamericana (UNIBE),
_c2018
300 _a39 p. :
_bilus. ;
_c15 cm
490 0 _3La Liga de la Esperanza,
_v1
500 _3
590 _aInventariado, 2023/VM
650 4 _aCuentos juveniles argentinos
650 4 _a
650 4 _aLiteratura juvenil argentina
700 1 _3 Sánchez, Yatsel
_eilustrador
700 1 _3Sánchez-Vincitore, Laura V.
_einvestigador
700 1 _aVeras, Cledenin
_ecoordinador pedagógico
910 _aVMateo V. Control de calidad. BPMSU
942 _2ddc
_cBK
999 _c14511
_d14511